000 01866nam0a2200409 4500
001 RU\NLR\bibl\203888
005 20260406161759.0
010 _a5-93641-004-8
_9100
021 _aRU
_b2001-6692
_9318
035 _a(NLR Aleph) 000200173
090 _a1159847
_c1159847
100 _a20011022d1999 |||y0rusy50 ca
101 0 _arus
102 _aRU
105 _ay |||||||||
200 1 _aОсновные факты про табак
_fГос. ком. Респ. Татарстан по делам детей и молодежи, Казан. обществ. фонд "Выбор", Гор. центр профилактики алкогол. и наркот. зависимостей "Выбор"
_g[Ред. к.м.н. Татьяна Андреева]
205 _a[2-е изд.]
210 _aКазань
_cФолиант
_d1999
215 _a36 с.
_d21
225 1 _aСерия "Профилактика алкогольных, наркотических и табачных проблем"
606 0 _aКурение
_xВред
_91017265
_3RU\NLR\auth\6670495
606 0 _aНикотиномания
_91710890
_3RU\NLR\auth\66762514
610 0 _aКурение табака
610 0 _aНикотин - действие на организм
675 _a613.84
_v3
_zrus
686 _a76.33
_2rugasnti
686 _a51.1(2)5
_2rubbk
686 _aР120.482.2
686 _aР645.19
702 1 _4340
_8rus
_7ca
_aАндреева
_bТ. И.
_cканд. мед. наук
_gТатьяна Ильинична
_3RU\NLR\auth\7746904
_929839
712 0 1 _4570
_aРеспублика Татарстан
_bКомитет по делам детей и молодежи
_3RU\NLR\AUTH\889933160
_9361502
801 0 _aRU
_bRKP
_c20011022
_gPSBO
801 1 _aRU
_bRKP
_c20011022
801 2 _aRU
_bNLR
_c20070112
_grcr
942 _cBOOK
980 _aNB